Building construction handbook. -- 2nd ed. (Record no. 77787)

MARC details
000 -LEADER
fixed length control field 00978nam a2200205 a 4500
008 - FIXED-LENGTH DATA ELEMENTS--GENERAL INFORMATION
fixed length control field 120416s1992 xx |||||||||||||| || u
020 ## - INTERNATIONAL STANDARD BOOK NUMBER
International Standard Book Number 0750601159
050 ## - LIBRARY OF CONGRESS CALL NUMBER
Classification number TH 145 Chu
100 ## - MAIN ENTRY--PERSONAL NAME
Personal name Chudley, R
245 10 - TITLE STATEMENT
Title Building construction handbook. -- 2nd ed.
250 ## - EDITION STATEMENT
Edition statement 2nd ed.
260 ## - PUBLICATION, DISTRIBUTION, ETC.
Date of publication, distribution, etc. 1992
350 ## -
-- 0.00
650 ## - SUBJECT ADDED ENTRY--TOPICAL TERM
Topical term or geographic name entry element BUILDING
650 ## - SUBJECT ADDED ENTRY--TOPICAL TERM
Topical term or geographic name entry element BUILDING--HANDBOOKS, MANUALS, ETC
995 ## -
-- BINDERY (DAMAGED)
-- 0.00
-- 730553
-- CBU-MAIN LIBRARY (Kitwe)
-- 3
-- 14.95
-- REF TH 145 CHU
-- 4
-- DAMAGED
-- 027519
-- Reference Collection
995 ## -
-- BINDERY (DAMAGED)
-- 0.00
-- 723794
-- CBU-MAIN LIBRARY (Kitwe)
-- 1
-- 0.00
-- TH 145 Chu
-- 4
-- DAMAGED
-- Jun 23, 2009
-- 023315
-- Main Library Open Access Collection
995 ## -
-- BINDERY (DAMAGED)
-- 0.00
-- 730359
-- CBU-MAIN LIBRARY (Kitwe)
-- 2
-- 14.95
-- REF TH 145 CHU
-- 3
-- DAMAGED
-- 027442
-- Reference Collection
995 ## -
-- BINDERY (DAMAGED)
-- 0.00
-- 727909
-- CBU-MAIN LIBRARY (Kitwe)
-- 1
-- 14.95
-- REF TH 145 CHU
-- DAMAGED
-- 026077
-- Reference Collection
999 ## -
-- 77787
-- 77787
Holdings
Withdrawn status Lost status Source of classification or shelving scheme Damaged status Not for loan Permanent Location Current Location Shelving location Date acquired Total Checkouts Full call number Barcode Date last seen Copy number Price effective from Koha item type
          CBU-MAIN LIBRARY, KITWE. CBU-MAIN LIBRARY, KITWE.   05/03/2023   TH 145 Chu 027519 05/03/2023 1 05/03/2023 REFERENCE COLLECTION
          CBU-MAIN LIBRARY, KITWE. CBU-MAIN LIBRARY, KITWE.   05/03/2023   TH 145 Chu 023315 05/03/2023 2 05/03/2023 MONOGRAPH
          CBU-MAIN LIBRARY, KITWE. CBU-MAIN LIBRARY, KITWE.   05/03/2023   TH 145 Chu 027442 05/03/2023 3 05/03/2023 REFERENCE COLLECTION
          CBU-MAIN LIBRARY, KITWE. CBU-MAIN LIBRARY, KITWE.   05/03/2023   TH 145 Chu 026077 05/03/2023 4 05/03/2023 REFERENCE COLLECTION